000 00737nam a2200217 i 4500
001 66283
003 ES-MaACL
005 20230906165604.0
007 t|
008 040203s1973 sp b l00110 spa d
020 _a84-500-5652-7
100 1 _aGalera, Montserrat.
_953380
245 1 0 _aBibliografía geográfica de la ciudad de Barcelona.
_n1 /
_cMontserrat Galera Monegal ; prólogo de J. Vilá Valentí.
260 _aBarcelona :
_bAyuntamiento de Barcelona,
_c1973.
300 _a1 v. ;
_c27 cm.
651 4 _aBarcelona (Provincia)-
_xGeografía.
_9162962
651 4 _aCataluña-
_vBibliografías.
_9170479
700 1 _aVilá Valentí, Juan.
_9114743
710 1 _aBarcelona.
_bAyuntamiento.
_92143
852 4 _aES-MaACL
_jP-1492
999 _c66283
_d66283